000 00694nam a22002177a 4500
003 UA-OsUOA
001 108001
007 ta
008 20140924b un ||||| |||| 00| 0 ukr d
100 _aПроноза П.В.
090 _a330(477)
_bП81
942 _cSA
040 _aUA-OsUOA
_bukr
_cUA-OsUOA
_dUA-OsUOA
245 _aМоделювання розвитку кризових процесів в реальному секторі економіки України
300 _aС.7-16
955 _a0
041 _aukr
080 _a330(477)
773 0 _w108000
_tРегіональна економіка
_dЛьвів
_d2014
_g1
650 7 _a330 Економіка взагалі
_2UDC
999 _c394571
_d394571